MARC

LEADER 00000nam0a2200000 4500
001 251488
005 20241025063147.0
035 |a (RuTPU)RU\TPU\book\273787 
090 |a 251488 
100 |a 20140221d1984 m y0rusy50 ca 
101 0 |a rus 
102 |a RU 
105 |a a z 001ay 
200 1 |a Рассказы  |f А. П. Чехов  |g сост. Л. Исаева ; авт. предисл. Г. Бердников ; А. Бисти 
210 |a Москва  |c Современник  |d 1984 
215 |a 287 с.  |c ил. 
320 |a Вступительная статья: с. 5-10 
606 1 |a Русская литература, дореволюционная  |2 stltpush  |3 (RuTPU)RU\TPU\subj\26371  |9 50314 
610 1 |a художественная литература 
610 1 |a рассказы 
675 |a Р1  |v 3 
700 1 |a Чехов  |b А. П.  |c русский писатель  |f 1860-1904  |g Антон Павлович  |7 ca  |8 rus  |2 stltpush  |3 (RuTPU)RU\TPU\pers\1035  |4 070  |9 458 
702 1 |a Исаева  |b Л.  |4 220 
702 1 |a Бердников  |b Г.  |4 080 
702 1 |a Бисти  |b А.  |4 040 
801 1 |a RU  |b 63413507  |c 20140221 
801 2 |a RU  |b 63413507  |c 20210930  |g RCR 
942 |c BK